000 008210000a22002770004500
001 30
003 CO-MdFUSB
005 20160318150615.0
008 160318t19691969spa |f |||| 00| 0 spa d
010 _aCO-MdFUSB
040 _cCO-MdFUSB
_erda
041 0 _aSPA
082 0 4 _aR 220.2 D417c
100 1 _aDenyer, C. P.
245 1 0 _aConcordancia de las Sagradas Escrituras
_b: Revisión de 1960 de la versión Reina Valera
_c / C.P. Denyer, Compilador
260 _aSan José, Costa Rica : Caribe
264 _aSan José, Costa Rica
_b : Caribe
_c1960
300 _a936 Pag.
336 _a5
337 _2rdamedia
_a2
338 _a2
504 _aIncluye referencias bibliográficas: páginas
650 1 4 _aBIBLIA - CONCORDANCIAS
653 _aBIBLIA - CONCORDANCIAS
_aBIBLIA - CONCORDANCIAS
942 _cBK
999 _c31586
_d31586